Регионална библиотека "Любен Каравелов" - Русе

Климент Търновски - Васил Друмев (Запис номер 129691)

MARC детайли
000 -Лидер
Контролно поле с фиксирана дължина 03365nam a2200505 c 4500
003 - Код на организацията, давaща контролен номер
Контролно поле BLK
005 - Дата и час на последна редакция
Контролно поле 20250118142032.0
008 - Елементи от данни с фиксирана дължина
fixed length control field 180409b bul|||||r ||||||| ||bul||
010 ## - Наследен системен номер
LC control number KNG00135428000
040 ## - Източник на каталожния запис
Идентификатор на билиотеката - собственик на записа BLK
041 ## - Код за език
Код за езика на текст/звукозапис или на отделно заглавие Български
Код за езика КДБФ Български
072 #7 - Код за тематичната категория
Код организация bullib
Код за тематична категория А
Текст Фонд Михаил Арнаудов
080 ## - УДК
Текстов определител УДК Възстановяване и развитие на България след Освобождението (1878-1900)
УДК код - определител по УДК 94(497.2)"1878/1900"
УДК определител (092)
УДК - код + определител 94(497.2)"1878/1900"(092)
080 ## - УДК
Текстов определител УДК Българска литература
УДК код - определител по УДК 821.163.2
УДК определител (092)
УДК - код + определител 821.163.2(092)
080 ## - УДК
Текстов определител УДК Монашеско име Климент. Български писател, духовник и политик от Консервативната партия
УДК код - определител по УДК 929 Друмев, Васил Николов
УДК - код + определител 929 Друмев, Васил Николов
139 ## - Редно поле
Редна дума Климент Търновски - Васил Друмев
Авторски знак Клим - К 64
245 10 - Сведения за заглавието
Заглавие Климент Търновски - Васил Друмев
Подзаглавни данни За 25-год. от смъртта му : Изследване, спомени и док.
Редно поле (дума) под ред. на Михаил Петров Арнаудов.
257 ## - Страна на издаване
Страна на създаване/издаване България
260 ## - Област на издателските данни
Име на издателя, разпространителя и проч. К-т Митрополит Климент
Година на издаване 1927
Печатница София : Художник
Място на издаване, разпространение и проч. София
300 ## - Физическа характеристика
Страници XXIV, 480 с.
Илюстрации и др. с фотогр., 1 л. : портр.
Размери/Мащаб 23 см
380 ## - Жанр
Жанр История
490 ## - СЕРИИ (Колекции)
9 (RLIN) 396381
Име на серия Частна колекция - Академик Михаил Арнаудов
Бележки за серията Дарение - Основен фонд
500 ## - Общи забележки
Забележка Съдържа : Статия на М. Арнаудов . с. 29-86. - Подпис на М. Арнаудов в кн. с инв. № 319813, датиране на кн. 28.Х.927. - Кн. са с твърда подв. - Лист-ръкописи : Библиогр. източници с материали за В. Друмев
500 ## - Общи забележки
Забележка Автограф с текст: На брата си Димитра, въ знакъ на преданность. Сф. 28.Х.927 Подпис: М. Арнаудов
600 #0 - Име на лице, използвано като предмет
За него / За нея Друмев, Васил Николов
Титли или други наименования, свързани с автора Климент, епископ Браницки; Климент, митрополит Търновски; Климент Браницкий, митрополит Търновски; Климент Търновски, митрополит
Свързани дати 1841-1901
Друга информация Писател, висш духовник, полит. деец, митрополит, викарий, общественик, учредител на Бълг. книж. дружество
9 (RLIN) 366760
650 #4 - Допълнително описание по предмет – тема
Основно описание – тема или топоним Друмев, Васил Николов
9 (RLIN) 366760
650 #0 - Допълнително описание по предмет – тема
Основно описание – тема или топоним България - история - биографии
9 (RLIN) 266868
650 #4 - Допълнително описание по предмет – тема
Основно описание – тема или топоним Българска литература - биографии
9 (RLIN) 273691
651 #4 - Допълнително описание по предмет - топоним
Географско понятие България
9 (RLIN) 241624
653 ## - Ключова дума – ненормативна
Ключова дума Васил Друмев
659 ## - Тематичен бюлетин
Тематичен бюлетин А
700 1# - Други автори (авторска отговорност)
Лично име Арнаудов, Михаил Петров
9 (RLIN) 33558
852 ## - Местоположение
Форматна сигнатура МА 838
Фондова буква Фонд "Михаил Арнаудов"
852 ## - Местоположение
Форматна сигнатура Цб 9.235.16995
Фондова буква Основен фонд - ползва се само за читалня
856 4# - Електронен адрес и достъп
Електронен формат pdf - файл
856 4# - Електронен адрес и достъп
Електронен формат pdf - файл
999 ## - СИСТЕМНИ КОНТРОЛНИ НОМЕРА
Koha biblionumber 129691
Koha biblioitemnumber 129691
942 ## - АРТИКУЛИ
Вид на библиотечния материал Книги
Скрит в OPAC Не
Периодичен библиозапис Да
944 ## - СЪЗДАВАНЕ И РЕДАКЦИЯ на ЗАПИСА
Създаване/Редакция Създаване
Дата на регистрацията/редакция 23.10.2012
Служител, извършил регистрацията/редакцията 30560
Статус, дата на статуса Геновева Генчева
944 ## - СЪЗДАВАНЕ И РЕДАКЦИЯ на ЗАПИСА
Създаване/Редакция Редакция
Дата на регистрацията/редакция 2021-09-16
Служител, извършил регистрацията/редакцията ВП
944 ## - СЪЗДАВАНЕ И РЕДАКЦИЯ на ЗАПИСА
Създаване/Редакция Редакция
Дата на регистрацията/редакция 15.09.2016
Служител, извършил регистрацията/редакцията Геновева_Генчева
999 ## - СИСТЕМНИ КОНТРОЛНИ НОМЕРА
Koha biblioitemnumber 129691
999 ## - СИСТЕМНИ КОНТРОЛНИ НОМЕРА
Koha biblioitemnumber 129691
999 ## - СИСТЕМНИ КОНТРОЛНИ НОМЕРА
Koha biblioitemnumber 129691
999 ## - СИСТЕМНИ КОНТРОЛНИ НОМЕРА
Koha biblioitemnumber 129691
Наличности
Код за отписване Код за изгубен артикул Източник на класификационната схема Код за повреда Коз за рестрикции Код за отдаване Артикулен № Име на библиотеката - собственик Име на библиотеката, в която се намира в момента Статус (Текущо местоположение) Дата на вписване в системата Местоположение - отдел Цена в лева Инвентарен номер Систематично азбучна сигнатура Баркод Номер на екземпляра Цена в евро Служебна бележка Служебен тип на артикула Номерация (Хронология)
  Не е изгубен Universal Decimal Classification Не е повреден само за читалня Специални фондове ( старопечатни, редки и ценни, фонд М. Арнаудов) 210871 Регионална библиотека "Любен Каравелов" Русе Регионална библиотека "Любен Каравелов" Русе Фонд "Михаил Арнаудов" 2012-10-23 Фонд "Михаил Арнаудов" 15.00 120000760641 МА 838 120000760641 1 7.67 Дост: DA Вид: А N: 19 Дата: 19.10.2012 Книги  
  Не е изгубен Universal Decimal Classification Не е повреден само за читалня Специални фондове ( старопечатни, редки и ценни, фонд М. Арнаудов) 210872 Регионална библиотека "Любен Каравелов" Русе Регионална библиотека "Любен Каравелов" Русе Фонд "Михаил Арнаудов" 1973-01-01 Фонд "Михаил Арнаудов" 6.00 319813 МА 838 120000319813 2 3.07 Дост: DA Вид: А N: стар фонд Дата: 01.01.1973 Книги  
  Не е изгубен Universal Decimal Classification Не е повреден само за читалня Специални фондове ( старопечатни, редки и ценни, фонд М. Арнаудов) 748030 Регионална библиотека "Любен Каравелов" Русе Регионална библиотека "Любен Каравелов" Русе Фонд "Михаил Арнаудов" 2019-10-22 Фонд "Михаил Арнаудов" 11.99   МА 838 120000836741   6.13   Книги Автограф: Михаил Арнаудов
  Не е изгубен Universal Decimal Classification Не е повреден само за читалня ползва се в читалня 853393 Регионална библиотека "Любен Каравелов" Русе Регионална библиотека "Любен Каравелов" Русе Хранилище 2021-09-20 Основен фонд - ползва се само за читалня 0.38 16995 Цб 9.235.16995 900000078755   0.19   Книги  
Vip Innovations Ltd, Rousse, Bulgaria 2025